| 000 | 00494nam a2200169Ia 4500 | ||
|---|---|---|---|
| 008 | 090201s9999 xx 000 0 und d | ||
| 010 | _aKPL-17117 | ||
| 040 | _bमराठी | ||
| 041 | _aमराठी | ||
| 082 |
_a13569 _b17117 |
||
| 100 | _aरमेश मंत्री | ||
| 245 |
_aरुखवत _cरमेश मंत्री |
||
| 260 |
_c2004 _bपरचुरे प्रकाशन |
||
| 300 |
_a176 _bमोठा |
||
| 600 | _aरुखवत | ||
| 942 | _cBOOK | ||
| 999 |
_c213764 _d213764 |
||